Premiers ministres français vus par moi en images - Statistiques

Statistiques générales
  • Ce quiz a été pris 48 fois
  • Le résultat moyen est 4 sur 5
Statistiques - réponses
Par images Hint Réponse % Correct
2014 - Eus Jean Castex
93%
2025 - Paris Dominique de Villepin
91%
2026 - Paris Sébastien Lecornu
89%
2023 - Dijon Alain Juppé
80%
2025 - Paris Michel Barnier
76%
Aucun quiz correspondant
Distribution des résultats
% des personnes avec chaque résultat
Percentile par nombre de réponses
Votre historique - résultats
Vous n’avez pas pris ce quiz